| 000 | 01490cam a2200265 4500 | ||
|---|---|---|---|
| 008 | 000000n2000 000 0 eng u | ||
| 020 | _a1902814002 | ||
| 035 | _a(Sirsi) u109576 | ||
| 050 | _a3474107 | ||
| 100 |
_aPaterson, Frances A. _xEditor |
||
| 245 | 4 | _aThe Construction Act : time for review. | |
| 260 |
_aLondon _bCentre of Construction Law & Management, Kings College _c2000 |
||
| 300 | _a275p. ; 24cm. | ||
| 350 | _a35.00 | ||
| 520 | _aWith contributions from over twenty experienced lawyers and construction professionals, this book reviews how the provisions of adjudication and payment are being applied on the ground and in the courts. It includes a look at the first case to reach the Court of Appeal on enforcement of an adjudicator's decision, "Bouygues (UK) Ltd v Dahl-Jensen (UK) Ltd. It highlights both the successes and failures of the Construction Act and pinpoints the uncertainties, which remain. | ||
| 650 | _aHOUSING GRANTS CONSTRUCTION AND REGENERATION ACT 1996 | ||
| 650 | _aMANAGEMENT-DISPUTE AVOIDANCE, MANAGEMENT AND RESOLUTION-DISPUTE MANAGEMENT AND RESOLUTION-ALTERNATIVE DISPUTE RESOLUTION-ADJUDICATION | ||
| 650 | _aMANAGEMENT-DISPUTE AVOIDANCE, MANAGEMENT AND RESOLUTION-DISPUTE MANAGEMENT AND RESOLUTION-ARBITRATION | ||
| 650 | _aBUILT ENVIRONMENT-BUILDING CONTRACT FORMS | ||
| 650 | _aPAYMENT | ||
| 650 | _aBOUYGUES UK LTD V DAHL-JENSEN UK LTD | ||
| 690 |
_aDispute resolution _96236 |
||
| 700 |
_aBritton, P. _xEditor |
||
| 942 | _n0 | ||
| 999 |
_c100951 _d100951 |
||